Elenco comuni italiani - lettere D-E - Statistics

Statistiche generali
  • Questo quiz è stato fatto 28 volte
  • Il punteggio medio è 23 su 142
Statistiche sulle risposte
Comune Provincia Regione Abitanti % Corretto
Domodossola Verbano-Cusio-Ossola Piemonte 17783
88%
Enna (capoluogo di provincia) Sicilia 26037
81%
Empoli Firenze Toscana 48674
69%
Desio Monza e della Brianza Lombardia 41646
63%
Dolo Venezia Veneto 15053
63%
Erba Como Lombardia 16208
63%
Ercolano Napoli Campania 50617
63%
Eboli Salerno Campania 37908
56%
Erice Trapani Sicilia 26490
56%
Desenzano del Garda Brescia Lombardia 29208
50%
Este Padova Veneto 15990
50%
Dalmine Bergamo Lombardia 23336
44%
Egna Bolzano Trentino-Alto Adige 5459
44%
Deiva Marina Spezia Liguria 1338
38%
Dello Brescia Lombardia 5546
31%
Diamante Cosenza Calabria 5049
31%
Dairago Milano Lombardia 6332
25%
Darfo Boario Terme Brescia Lombardia 15544
25%
Decimomannu Cagliari Sardegna 8222
25%
Diano Marina Imperia Liguria 5681
25%
Dobbiaco Bolzano Trentino-Alto Adige 3393
25%
Dogliani Cuneo Piemonte 4572
25%
Dolcè Verona Veneto 2548
25%
Dueville Vicenza Veneto 13835
25%
Elmas Cagliari Sardegna 9349
25%
Dambel Trento Trentino-Alto Adige 421
19%
Danta di Cadore Belluno Veneto 440
19%
Dasà Vibo Valentia Calabria 1109
19%
Davagna Genova Liguria 1786
19%
Deruta Perugia Umbria 9478
19%
Dicomano Firenze Toscana 5439
19%
Donato Biella Piemonte 708
19%
Dongo Como Lombardia 3253
19%
Dovadola Forlì-Cesena Emilia-Romagna 1567
19%
Dozza Bologna Emilia-Romagna 6609
19%
Dragoni Caserta Campania 1998
19%
Dro Trento Trentino-Alto Adige 5057
19%
Druento Torino Piemonte 8822
19%
Dugenta Benevento Campania 2627
19%
Duino-Aurisina Trieste Friuli-Venezia Giulia 8373
19%
Durazzano Benevento Campania 2103
19%
Dusino San Michele Asti Piemonte 1065
19%
Edolo Brescia Lombardia 4443
19%
Eraclea Venezia Veneto 12060
19%
Erbusco Brescia Lombardia 8708
19%
Esine Brescia Lombardia 5157
19%
Daverio Varese Lombardia 3046
13%
Davoli Catanzaro Calabria 5406
13%
Dego Savona Liguria 1892
13%
Delebio Sondrio Lombardia 3286
13%
Delia Caltanissetta Sicilia 3958
13%
Delianuova Reggio Calabria Calabria 3141
13%
Deliceto Foggia Puglia 3588
13%
Denno Trento Trentino-Alto Adige 1211
13%
Dervio Lecco Lombardia 2596
13%
Diano Arentino Imperia Liguria 689
13%
Diano Castello Imperia Liguria 2266
13%
Diano San Pietro Imperia Liguria 1066
13%
Dignano Udine Friuli-Venezia Giulia 2313
13%
Dimaro Folgarida Trento Trentino-Alto Adige 2099
13%
Diso Lecce Puglia 2867
13%
Doberdò del Lago Gorizia Friuli-Venezia Giulia 1340
13%
Dogna Udine Friuli-Venezia Giulia 156
13%
Dolzago Lecco Lombardia 2531
13%
Domegge di Cadore Belluno Veneto 2266
13%
Domicella Avellino Campania 1833
13%
Dorio Lecco Lombardia 322
13%
Dossena Bergamo Lombardia 883
13%
Dovera Cremona Lombardia 3750
13%
Drapia Vibo Valentia Calabria 2019
13%
Drena Trento Trentino-Alto Adige 574
13%
Dresano Milano Lombardia 3006
13%
Dronero Cuneo Piemonte 6981
13%
Druogno Verbano-Cusio-Ossola Piemonte 1057
13%
Dualchi Nuoro Sardegna 590
13%
Due Carrare Padova Veneto 8941
13%
Elice Pescara Abruzzo 1644
13%
Ello Lecco Lombardia 1209
13%
Endine Gaiano Bergamo Lombardia 3367
13%
Entratico Bergamo Lombardia 1961
13%
Episcopia Potenza Basilicata 1276
13%
Erchie Brindisi Puglia 8276
13%
Esanatoglia Macerata Marche 1917
13%
Esperia Frosinone Lazio 3649
13%
Dazio Sondrio Lombardia 471
6%
Decimoputzu Cagliari Sardegna 4202
6%
Decollatura Catanzaro Calabria 2915
6%
Demonte Cuneo Piemonte 1895
6%
Denice Alessandria Piemonte 172
6%
Dernice Alessandria Piemonte 180
6%
Derovere Cremona Lombardia 300
6%
Desana Vercelli Piemonte 1061
6%
Desulo Nuoro Sardegna 2166
6%
Diano d'Alba Cuneo Piemonte 3604
6%
Dinami Vibo Valentia Calabria 1844
6%
Dipignano Cosenza Calabria 4196
6%
Divignano Novara Piemonte 1400
6%
Dizzasco Como Lombardia 602
6%
Dogliola Chieti Abruzzo 323
6%
Dolceacqua Imperia Liguria 2085
6%
Dolcedo Imperia Liguria 1283
6%
Dolegna del Collio Gorizia Friuli-Venezia Giulia 325
6%
Dolianova Cagliari Sardegna 9473
6%
Domanico Cosenza Calabria 929
6%
Domaso Como Lombardia 1462
6%
Domus de Maria Cagliari Sardegna 1619
6%
Domusnovas Sulcis Iglesiente Sardegna 5895
6%
Donnas Aosta Valle d'Aosta 2405
6%
Donori Cagliari Sardegna 1965
6%
Dorgali Nuoro Sardegna 8288
6%
Dormelletto Novara Piemonte 2561
6%
Dorno Pavia Lombardia 4522
6%
Dorzano Biella Piemonte 539
6%
Dosolo Mantova Lombardia 3304
6%
Dosso del Liro Como Lombardia 236
6%
Doues Aosta Valle d'Aosta 497
6%
Drenchia Udine Friuli-Venezia Giulia 99
6%
Dubino Sondrio Lombardia 3702
6%
Dumenza Varese Lombardia 1474
6%
Duno Varese Lombardia 137
6%
Duronia Campobasso Molise 395
6%
Elini Nuoro Sardegna 557
6%
Elva Cuneo Piemonte 87
6%
Émarèse Aosta Valle d'Aosta 232
6%
Enego Vicenza Veneto 1554
6%
Enemonzo Udine Friuli-Venezia Giulia 1278
6%
Entracque Cuneo Piemonte 777
6%
Envie Cuneo Piemonte 1946
6%
Erbé Verona Veneto 1922
6%
Erbezzo Verona Veneto 784
6%
Erli Savona Liguria 222
6%
Erto e Casso Pordenone Friuli-Venezia Giulia 372
6%
Erula Sassari Sardegna 707
6%
Erve Lecco Lombardia 695
6%
Escalaplano Cagliari Sardegna 2084
6%
Escolca Cagliari Sardegna 550
6%
Esino Lario Lecco Lombardia 764
6%
Esporlatu Sassari Sardegna 376
6%
Esterzili Cagliari Sardegna 575
6%
Étroubles Aosta Valle d'Aosta 484
6%
Eupilio Como Lombardia 2583
6%
Exilles Torino Piemonte 244
6%
Nessun quiz corrispondente trovato
Distribuzione punteggi
Percentuale di utenti per punteggio
Percentile per numero di risposta
I tuoi punteggi nel tempo
Non hai fatto questo quiz